[Event "IRI-ch (Women)"]
[Site "Tehran"]
[Date "2016.01.21"]
[Round "8"]
[White "Asgarizadeh, Minoo"]
[Black "Asgharzadeh, Mitra"]
[Result "1/2-1/2"]
[WhiteElo "2167"]
[BlackElo "1907"]
[PlyCount "145"]
[EventDate "2016.01.16"]
[EventType "swiss"]
[EventRounds "9"]
[EventCountry "IRI"]
[SourceTitle "CBM 170 Extra"]
[Source "ChessBase"]
[SourceDate "2016.02.25"]
[SourceVersion "1"]
[SourceVersionDate "2016.02.25"]
[SourceQuality "1"]

1. e4 c5 2. Nf3 d6 3. d4 cxd4 4. Nxd4 Nf6 5. Nc3 g6 6. f3 Bg7 7. Be3 0-0 8. Qd2 Nc6 9. 0-0-0 d5 10. Kb1 Nxd4 11. e5 Nf5 12. exf6 Bxf6 13. Nxd5 Be6 14. Nxf6+ exf6 15. Bc5 Qxd2 16. Rxd2 Rfd8 17. Rxd8+ Rxd8 18. Bd3 b6 19. Bf2 Ne7 20. Rd1 Nc6 21. Be2 Rxd1+ 22. Bxd1 Kf8 23. b3 Ke7 24. Kb2 f5 25. c4 Kd6 26. Kc3 f4 27. b4 g5 28. a4 Kc7 29. b5 Na5 30. c5 Nb7 31. c6 Nd6 32. Bd4 Nf5 33. Be5+ Kc8 34. g4 fxg3 35. hxg3 h5 36. Be2 f6 37. Bxf6 Nxg3 38. Bd3 h4 39. Be5 Bd5 40. f4 gxf4 41. Bxf4 Be6 42. Kd4 Nh5 43. Be5 Ng3 44. Ke3 Nf5+ 45. Kf4 Nh6 46. Bf1 Nf7 47. Bf6 h3 48. Kg3 Nd6 49. Be5 Nc4 50. Bd4 Nd6 51. Kh2 Nf5 52. Bf2 Ne7 53. Bg3 Nd5 54. Be5 Ne7 55. Bxh3 Bxh3 56. Kxh3 Nd5 57. Kg4 Ne3+ 58. Kf3 Nc4 59. Ke4 Nd2+ 60. Kd5 Nf3 61. Bf4 Nh4 62. Kd6 Nf3 63. Be3 Nh4 64. Bf4 Ng2 65. Bg5 Ne1 66. a5 Nc2 67. a6 Nd4 68. Ke5 Nxb5 69. Be3 Kc7 70. Kd5 Nc3+ 71. Kc4 Ne4 72. Kd5 Nf6+ 73. Ke6 1/2-1/2

[Event "IRI-ch (Women)"]
[Site "Tehran"]
[Date "2016.01.17"]
[Round "3"]
[White "Hejazipour, Mitra"]
[Black "Asgarizadeh, Minoo"]
[Result "1/2-1/2"]
[WhiteElo "2357"]
[BlackElo "2167"]
[PlyCount "53"]
[EventDate "2016.01.16"]
[EventType "swiss"]
[EventRounds "9"]
[EventCountry "IRI"]
[SourceTitle "CBM 170 Extra"]
[Source "ChessBase"]
[SourceDate "2016.02.25"]
[SourceVersion "1"]
[SourceVersionDate "2016.02.25"]
[SourceQuality "1"]

1. c4 e5 2. Nc3 Nf6 3. g3 c6 4. d4 exd4 5. Qxd4 d5 6. Nf3 Be7 7. cxd5 cxd5 8. Bg2 Nc6 9. Qa4 0-0 10. 0-0 Bc5 11. Bg5 h6 12. Bxf6 Qxf6 13. Rfd1 Be6 14. Qb5 Bb6 15. Nxd5 Bxd5 16. Rxd5 Rad8 17. Rad1 Rxd5 18. Rxd5 Rd8 19. Rd3 Rxd3 20. exd3 Qe6 21. Bf1 Qf6 22. Be2 Qe6 23. Bd1 Nd4 24. Qb4 Nxf3+ 25. Bxf3 Qxa2 26. Kg2 Qe6 27. Bxb7 1/2-1/2

[Event "Asia rap (Women)"]
[Site "Al Ain"]
[Date "2015.08.11"]
[Round "1"]
[White "Asgarizadeh, Minoo"]
[Black "Harika, Dronavalli"]
[Result "0-1"]
[WhiteElo "2180"]
[BlackElo "2509"]
[PlyCount "58"]
[EventDate "2015.08.11"]
[EventType "swiss (rapid)"]
[EventRounds "7"]
[EventCountry "UAE"]
[SourceTitle "CBM 167 Extra"]
[Source "ChessBase"]
[SourceDate "2015.09.14"]
[SourceVersion "1"]
[SourceVersionDate "2015.09.14"]
[SourceQuality "1"]

1. e4 e5 2. Nf3 Nc6 3. Bb5 g6 4. 0-0 Bg7 5. c3 a6 6. Ba4 d6 7. d4 Bd7 8. Bg5 f6 9. Be3 Nh6 10. dxe5 dxe5 11. Bb3 Nf7 12. Bxf7+ Kxf7 13. Qb3+ Be6 14. Qxb7 Qd7 15. Bb6 Rhc8 16. Bxc7 Qxc7 17. Qxc7+ Rxc7 18. Nbd2 Na5 19. b4 Nb7 20. Rfc1 Rac8 21. Nb1 Nd6 22. Nfd2 Bh6 23. Rc2 Nb5 24. c4 Bxc4 25. a4 Bd3 26. Rxc7+ Rxc7 27. h3 Rc1+ 28. Kh2 Nd4 29. b5 Bxd2 0-1

[Event "Asian Continental op (Women) 14th"]
[Site "Al Ain"]
[Date "2015.08.03"]
[Round "2"]
[White "Asgarizadeh, Minoo"]
[Black "Li, Yunshan"]
[Result "1/2-1/2"]
[WhiteElo "2180"]
[BlackElo "1835"]
[PlyCount "101"]
[EventDate "2015.08.02"]
[EventType "swiss"]
[EventRounds "9"]
[EventCountry "UAE"]
[SourceTitle "CBM 167 Extra"]
[Source "ChessBase"]
[SourceDate "2015.09.14"]
[SourceVersion "1"]
[SourceVersionDate "2015.09.14"]
[SourceQuality "1"]

1. e4 c5 2. Nf3 e6 3. d4 cxd4 4. Nxd4 Nc6 5. Nc3 Qc7 6. Be3 Nf6 7. Be2 Be7 8. 0-0 0-0 9. f4 d6 10. Ndb5 Qb8 11. a4 a6 12. Na3 d5 13. exd5 Rd8 14. Bb6 Rd7 15. Bf3 exd5 16. Nxd5 Nxd5 17. Bxd5 Nb4 18. Bxf7+ Kxf7 19. Qh5+ Kg8 20. Nc4 g6 21. Qe2 Bf8 22. Ne5 Rd5 23. c4 Bc5+ 24. Bxc5 Rxc5 25. Qd2 Nc6 26. b4 Rxe5 27. fxe5 Bf5 28. b5 Qd8 29. Qa2 Qd4+ 30. Kh1 Nxe5 31. c5+ Qc4 32. Qxc4+ Nxc4 33. Rac1 Ne5 34. c6 bxc6 35. b6 a5 36. Rc5 Nd7 37. Rxc6 Rb8 38. Re1 Rxb6 39. Rxb6 Nxb6 40. Re5 Nxa4 41. Rxa5 Nc3 42. Ra7 Ne4 43. Kg1 Nd6 44. h3 h5 45. Kf2 Nf7 46. Kf3 h4 47. Ra4 g5 48. Ra5 Bd7 49. g3 Bxh3 50. gxh4 gxh4 51. Rh5 1/2-1/2

[Event "Urmai Sardaran op 4th"]
[Site "Urmia"]
[Date "2015.07.25"]
[Round "5"]
[White "Asgarizadeh, Minoo"]
[Black "Mosadeghpour, Masoud"]
[Result "0-1"]
[WhiteElo "2117"]
[BlackElo "2370"]
[PlyCount "92"]
[EventDate "2015.07.22"]
[EventType "swiss"]
[EventRounds "9"]
[EventCountry "IRI"]
[SourceTitle "EXT 2016"]
[Source "ChessBase"]
[SourceDate "2015.10.08"]
[SourceVersion "1"]
[SourceVersionDate "2015.10.08"]
[SourceQuality "1"]

1. e4 e5 2. Nf3 Nf6 3. Nxe5 d6 4. Nf3 Nxe4 5. d4 d5 6. Bd3 Nc6 7. 0-0 Be7 8. c4 Nf6 9. h3 0-0 10. Nc3 Nb4 11. Be2 dxc4 12. Bxc4 c6 13. Bg5 Nbd5 14. Re1 Be6 15. Qb3 Rb8 16. Rad1 h6 17. Bh4 b5 18. Bxd5 cxd5 19. Ne5 Qd6 20. Bg3 Qa6 21. Nd3 Rb6 22. Bc7 Rb7 23. Be5 Qc6 24. Bxf6 Bxf6 25. Nc5 Rb6 26. Ne2 Bc8 27. Qd3 b4 28. Nf4 Qd6 29. Qf3 Rd8 30. Rd2 Kh7 31. h4 Bb7 32. h5 Bc6 33. g3 Bb5 34. Qg4 Kg8 35. Qf5 Rbb8 36. a4 bxa3 37. bxa3 Bc4 38. Ne2 Re8 39. Nd3 Qxa3 40. Ne5 Rb2 41. Rxb2 Qxb2 42. Nf4 Qxd4 43. Nfg6 Bb5 44. Rb1 fxg6 45. Qxg6 Qxe5 46. Rxb5 Qe1+ 0-1

[Event "Urmai Sardaran op 4th"]
[Site "Urmia"]
[Date "2015.07.24"]
[Round "4"]
[White "Tari, Aryan"]
[Black "Asgarizadeh, Minoo"]
[Result "1-0"]
[WhiteElo "2499"]
[BlackElo "2117"]
[PlyCount "71"]
[EventDate "2015.07.22"]
[EventType "swiss"]
[EventRounds "9"]
[EventCountry "IRI"]
[SourceTitle "EXT 2016"]
[Source "ChessBase"]
[SourceDate "2015.10.08"]
[SourceVersion "1"]
[SourceVersionDate "2015.10.08"]
[SourceQuality "1"]

1. c4 Nf6 2. Nc3 g6 3. g3 Bg7 4. Bg2 0-0 5. d4 d6 6. Nf3 Nc6 7. 0-0 a6 8. Bf4 Rb8 9. Rc1 Re8 10. Qd2 Bg4 11. d5 Na5 12. b3 c5 13. dxc6 bxc6 14. h3 Bd7 15. e4 e5 16. Be3 Nb7 17. b4 Be6 18. Qe2 Qc8 19. Ng5 Bd7 20. Kh2 Nd8 21. a3 c5 22. Qd2 h6 23. Nf3 cxb4 24. axb4 Rxb4 25. Nb5 Nc6 26. Nxd6 Qb8 27. Nxe8 Bxe8 28. Ne1 Nd4 29. Nd3 Ra4 30. Bxd4 exd4 31. e5 Nd7 32. f4 Bf8 33. c5 Qc7 34. c6 Nb6 35. Nc5 Ra3 36. Qxd4 1-0

[Event "Olympiad Women-41"]
[Site "Tromsoe"]
[Date "2014.08.11"]
[Round "9.4"]
[White "Dauletova, Gulmira"]
[Black "Asgarizadeh, Minoo"]
[Result "1-0"]
[WhiteElo "2252"]
[BlackElo "2147"]
[PlyCount "77"]
[EventDate "2014.08.02"]
[EventType "team-swiss"]
[EventRounds "11"]
[EventCountry "NOR"]
[SourceTitle "CBM 162"]
[Source "ChessBase"]
[SourceDate "2014.09.17"]
[SourceVersion "1"]
[SourceVersionDate "2014.09.17"]
[SourceQuality "1"]
[WhiteTeam "Kazakhstan (W)"]
[BlackTeam "Iran (W)"]
[WhiteTeamCountry "KAZ"]
[BlackTeamCountry "IRI"]

1. e4 g6 2. d4 Bg7 3. Nc3 d6 4. f4 Nf6 5. Bd3 e5 6. dxe5 dxe5 7. Bb5+ Nfd7 8. Nf3 0-0 9. 0-0 a6 10. Bd3 Nc6 11. f5 Nc5 12. Bg5 Qd6 13. fxg6 hxg6 14. Bc4 Qxd1 15. Raxd1 Be6 16. Bd5 Rfe8 17. Be3 Bf8 18. Ng5 Nd8 19. b4 c6 20. bxc5 cxd5 21. exd5 Bf5 22. Rd2 Bh6 23. Re1 Bg7 24. Nge4 Bxe4 25. Nxe4 f5 26. Nd6 Re7 27. Bd4 Bh6 28. Rde2 e4 29. Nc4 Kf7 30. Nb6 Rb8 31. c3 Bg5 32. g3 Bf6 33. Kg2 Kg7 34. Rb1 g5 35. Rf1 Kg6 36. d6 Rf7 37. Bxf6 Kxf6 38. Rxe4 Ne6 39. Nd5+ 1-0

[Event "Olympiad Women-41"]
[Site "Tromsoe"]
[Date "2014.08.10"]
[Round "8.4"]
[White "Asgarizadeh, Minoo"]
[Black "Pham, Le Thao Nguyen"]
[Result "1/2-1/2"]
[WhiteElo "2147"]
[BlackElo "2331"]
[PlyCount "92"]
[EventDate "2014.08.02"]
[EventType "team-swiss"]
[EventRounds "11"]
[EventCountry "NOR"]
[SourceTitle "CBM 162"]
[Source "ChessBase"]
[SourceDate "2014.09.17"]
[SourceVersion "1"]
[SourceVersionDate "2014.09.17"]
[SourceQuality "1"]
[WhiteTeam "Iran (W)"]
[BlackTeam "Vietnam (W)"]
[WhiteTeamCountry "IRI"]
[BlackTeamCountry "VIE"]

1. e4 e6 2. d4 d5 3. Nd2 c5 4. exd5 Qxd5 5. Ngf3 cxd4 6. Bc4 Qd8 7. 0-0 Nc6 8. Nb3 a6 9. Nbxd4 Nxd4 10. Nxd4 Qc7 11. Qe2 Bd6 12. Kh1 Ne7 13. b3 0-0 14. Bb2 Ng6 15. a4 Bd7 16. Rad1 Rad8 17. Rfe1 Kh8 18. g3 Bb4 19. c3 Bc5 20. Bd3 Bxd4 21. cxd4 Bc6+ 22. Kg1 Qd6 23. Qc2 Bd5 24. Rc1 Rd7 25. Bc3 Ne7 26. b4 Rc8 27. Qb2 Rdc7 28. b5 axb5 29. axb5 Ng8 30. Bd2 Rxc1 31. Rxc1 Ra8 32. Ra1 Qf8 33. Ra5 Nf6 34. Bb4 Qe8 35. Rxa8 Qxa8 36. Qa3 Qe8 37. Qc1 h6 38. Qc5 Be4 39. Be2 Qd7 40. f3 Bd5 41. Qd6 Qxd6 42. Bxd6 Kg8 43. Kf2 Nd7 44. Ke3 f5 45. g4 Kf7 46. Bd3 g6 1/2-1/2

[Event "Olympiad Women-41"]
[Site "Tromsoe"]
[Date "2014.08.06"]
[Round "5.4"]
[White "Asgarizadeh, Minoo"]
[Black "Papp, Petra"]
[Result "1/2-1/2"]
[WhiteElo "2147"]
[BlackElo "2274"]
[PlyCount "33"]
[EventDate "2014.08.02"]
[EventType "team-swiss"]
[EventRounds "11"]
[EventCountry "NOR"]
[SourceTitle "CBM 162"]
[Source "ChessBase"]
[SourceDate "2014.09.17"]
[SourceVersion "1"]
[SourceVersionDate "2014.09.17"]
[SourceQuality "1"]
[WhiteTeam "Iran (W)"]
[BlackTeam "Hungary (W)"]
[WhiteTeamCountry "IRI"]
[BlackTeamCountry "HUN"]

1. e4 c5 2. Nf3 d6 3. d4 cxd4 4. Nxd4 Nf6 5. Nc3 a6 6. Be3 e5 7. Nf3 Qc7 8. a4 Be7 9. a5 0-0 10. Be2 Nc6 11. Bb6 Qb8 12. Nd5 Nxe4 13. Bc7 Qa7 14. Bb6 Qb8 15. Bc7 Qa7 16. Bb6 Qb8 17. Bc7 1/2-1/2

[Event "Olympiad Women-41"]
[Site "Tromsoe"]
[Date "2014.08.03"]
[Round "2.4"]
[White "Nikolovska, Dragana"]
[Black "Asgarizadeh, Minoo"]
[Result "0-1"]
[WhiteElo "1893"]
[BlackElo "2147"]
[PlyCount "78"]
[EventDate "2014.08.02"]
[EventType "team-swiss"]
[EventRounds "11"]
[EventCountry "NOR"]
[SourceTitle "CBM 162"]
[Source "ChessBase"]
[SourceDate "2014.09.17"]
[SourceVersion "1"]
[SourceVersionDate "2014.09.17"]
[SourceQuality "1"]
[WhiteTeam "Macedonia (W)"]
[BlackTeam "Iran (W)"]
[WhiteTeamCountry "MKD"]
[BlackTeamCountry "IRI"]

1. e4 g6 2. d4 Bg7 3. Nc3 d6 4. Bg5 a6 5. Qd2 b5 6. a3 Bb7 7. Nf3 Nd7 8. Bd3 c5 9. d5 h6 10. Be3 Ngf6 11. h3 Qc7 12. 0-0 c4 13. Be2 Nc5 14. Bxc5 Qxc5 15. Rad1 0-0 16. Nd4 Bc8 17. Nc6 Re8 18. Bf3 Nd7 19. Rfe1 Qb6 20. e5 Nxe5 21. Nxe5 dxe5 22. d6 Bb7 23. d7 Red8 24. Nd5 Bxd5 25. Qxd5 Ra7 26. Qd2 Qe6 27. Qa5 Rdxd7 28. Rxd7 Rxd7 29. Rd1 Rxd1+ 30. Bxd1 Qd6 31. Bf3 e4 32. Bxe4 Qd1+ 33. Kh2 Be5+ 34. g3 Qe2 35. Bg2 Qxf2 36. Qd8+ Kg7 37. Qd1 Qxg3+ 38. Kg1 Qe3+ 39. Kh1 Bxb2 0-1

[Event "Olympiad Women-41"]
[Site "Tromsoe"]
[Date "2014.08.02"]
[Round "1.4"]
[White "Asgarizadeh, Minoo"]
[Black "Smith, Annesha"]
[Result "1-0"]
[WhiteElo "2147"]
[BlackElo "1768"]
[PlyCount "55"]
[EventDate "2014.08.02"]
[EventType "team-swiss"]
[EventRounds "11"]
[EventCountry "NOR"]
[SourceTitle "CBM 162"]
[Source "ChessBase"]
[SourceDate "2014.09.17"]
[SourceVersion "1"]
[SourceVersionDate "2014.09.17"]
[SourceQuality "1"]
[WhiteTeam "Iran (W)"]
[BlackTeam "Jamaica (W)"]
[WhiteTeamCountry "IRI"]
[BlackTeamCountry "JAM"]

1. e4 c5 2. Nf3 g6 3. d4 cxd4 4. Nxd4 Nc6 5. Nc3 Bg7 6. Be3 Nf6 7. Bc4 0-0 8. f3 Qb6 9. Qd2 Nxe4 10. fxe4 Bxd4 11. Bxd4 Qxd4 12. Qxd4 Nxd4 13. 0-0-0 Nc6 14. Nd5 Kg7 15. Rhf1 Rb8 16. Bb5 e6 17. Nf6 a6 18. Bxc6 dxc6 19. e5 b5 20. b4 Rb7 21. Rf3 Rc7 22. Rh3 h6 23. Rhd3 g5 24. Rd8 Rxd8 25. Rxd8 Kg6 26. g4 h5 27. Rg8+ Kh6 28. h4 1-0

[Event "IRI-ch (Women)"]
[Site "Rasht"]
[Date "2013.12.05"]
[Round "8"]
[White "Khademalsharieh, Sarasadat"]
[Black "Asgarizadeh, Minoo"]
[Result "1/2-1/2"]
[WhiteElo "2298"]
[BlackElo "2117"]
[PlyCount "46"]
[EventDate "2013.11.30"]
[EventType "swiss"]
[EventRounds "11"]
[EventCountry "IRI"]
[SourceTitle "CBM 157 Extra"]
[Source "ChessBase"]
[SourceDate "2013.12.19"]
[SourceVersion "1"]
[SourceVersionDate "2013.12.19"]
[SourceQuality "1"]

1. d4 Nf6 2. Nf3 e6 3. c4 c5 4. d5 exd5 5. cxd5 d6 6. Nc3 g6 7. Bf4 Bg7 8. Qa4+ Bd7 9. Qb3 Qc7 10. e4 0-0 11. Be2 b5 12. e5 Nh5 13. Be3 c4 14. Qb4 Re8 15. exd6 Qb7 16. Nd1 Qxd5 17. 0-0 Nc6 18. Qd2 Qxd2 19. Nxd2 Nd4 20. Bxh5 gxh5 21. Nc3 Nf5 22. Nde4 Bc6 23. Rad1 Bxe4 1/2-1/2

[Event "IRI-ch (Women)"]
[Site "Rasht"]
[Date "2013.12.04"]
[Round "6"]
[White "Alavi, Homa"]
[Black "Asgarizadeh, Minoo"]
[Result "0-1"]
[WhiteElo "1969"]
[BlackElo "2117"]
[PlyCount "158"]
[EventDate "2013.11.30"]
[EventType "swiss"]
[EventRounds "11"]
[EventCountry "IRI"]
[SourceTitle "CBM 157 Extra"]
[Source "ChessBase"]
[SourceDate "2013.12.19"]
[SourceVersion "1"]
[SourceVersionDate "2013.12.19"]
[SourceQuality "1"]

1. d4 Nf6 2. c4 g6 3. Nc3 Bg7 4. e4 d6 5. Be2 0-0 6. Bg5 Na6 7. h4 h6 8. Be3 e5 9. d5 Nc5 10. Qc2 a5 11. h5 g5 12. f3 Nh7 13. g4 Bd7 14. b3 c6 15. Nh3 Qb8 16. 0-0 cxd5 17. cxd5 b5 18. a4 b4 19. Nb5 Rc8 20. Qd1 Bxb5 21. Bxb5 Nxb3 22. Qxb3 Rc3 23. Qa2 Rxe3 24. Rac1 Bf6 25. Kg2 Bd8 26. Rc6 Bb6 27. Rfc1 Kg7 28. Ng1 Ra3 29. Qb1 Qd8 30. Ne2 Qf6 31. Rg1 Bc5 32. Qb2 Rd8 33. Nc1 Bd4 34. Qc2 Qf4 35. Nd3 Qf6 36. Nc1 Rc3 37. Rxc3 Bxc3 38. Ne2 Rc8 39. Ng3 Nf8 40. Nf5+ Kh7 41. Rc1 Qd8 42. Qd3 Qc7 43. Bc6 Rd8 44. Qe3 Nd7 45. Bb5 Nc5 46. Ng3 Nb3 47. Rf1 Nd4 48. Qd3 Rb8 49. Ne2 Nxe2 50. Qxe2 Qc5 51. Rc1 Rc8 52. Qd3 b3 53. Bc6 b2 54. Rb1 Rb8 55. Bb5 Qb4 56. Kf1 Kg8 57. Ke2 Kf8 58. Kf1 Ke7 59. Ke2 Rc8 60. Bc6 Rg8 61. Bb5 Bd4 62. Bc6 Rc8 63. Kf1 Rb8 64. Bb5 Rxb5 65. axb5 a4 66. b6 Qxb6 67. Qa3 Qb5+ 68. Ke1 Kd7 69. Kd2 Kc7 70. Ke1 Qb3 71. Qxb3 axb3 72. Kd2 Kb6 73. Kd3 Kb5 74. f4 f6 75. fxg5 fxg5 76. Rf1 Kb4 77. Re1 Ka3 78. Kc4 Ka2 79. Re2 Ka1 0-1

[Event "Wch U18 Girls"]
[Site "Maribor"]
[Date "2012.11.17"]
[Round "10.2"]
[White "Schut, Lisa"]
[Black "Asgarizadeh, Minoo"]
[Result "1-0"]
[WhiteElo "2282"]
[BlackElo "2106"]
[PlyCount "83"]
[EventDate "2012.11.08"]
[EventType "swiss"]
[EventRounds "11"]
[EventCountry "SLO"]
[SourceTitle "EXT 2013"]
[Source "ChessBase"]
[SourceDate "2012.11.22"]
[SourceVersion "1"]
[SourceVersionDate "2012.11.22"]
[SourceQuality "1"]

1. e4 c5 2. Nf3 e6 3. d4 cxd4 4. Nxd4 Nc6 5. Nc3 a6 6. Be3 Nf6 7. Qd2 Bb4 8. f3 d5 9. a3 Qa5 10. Nxc6 bxc6 11. e5 Nd7 12. f4 Rb8 13. Bd3 Be7 14. Nd1 Qxd2+ 15. Bxd2 f6 16. exf6 Bxf6 17. Bc3 Bxc3+ 18. bxc3 0-0 19. Rf1 e5 20. fxe5 Rxf1+ 21. Bxf1 Nxe5 22. Ne3 a5 23. Kd2 Kf7 24. Bd3 Nxd3 25. Kxd3 Ke6 26. c4 Ba6 27. Re1 Kd7 28. Kd4 dxc4 29. Nf5 Rf8 30. Re7+ Kd8 31. Re5 Kc7 32. Kc5 c3 33. Nd4 Rf2 34. Re7+ Kc8 35. Kb6 Bb5 36. Ne6 Rd2 37. Rc7+ Kb8 38. Rxg7 Kc8 39. Rc7+ Kb8 40. Rxh7 Kc8 41. Rc7+ Kb8 42. Nc5 1-0

[Event "Wch U18 Girls"]
[Site "Maribor"]
[Date "2012.11.10"]
[Round "3.7"]
[White "Asgarizadeh, Minoo"]
[Black "Kovacs, Klara"]
[Result "1-0"]
[WhiteElo "2106"]
[BlackElo "2200"]
[PlyCount "51"]
[EventDate "2012.11.08"]
[EventType "swiss"]
[EventRounds "11"]
[EventCountry "SLO"]
[SourceTitle "EXT 2013"]
[Source "ChessBase"]
[SourceDate "2012.11.22"]
[SourceVersion "1"]
[SourceVersionDate "2012.11.22"]
[SourceQuality "1"]

1. e4 e6 2. d4 d5 3. Nd2 Be7 4. Ngf3 Nf6 5. Bd3 c5 6. exd5 Qxd5 7. dxc5 0-0 8. 0-0 Nbd7 9. b4 a5 10. Bc4 Qc6 11. c3 Qc7 12. Nd4 Ne5 13. Qe2 Neg4 14. N2f3 e5 15. Nb5 Qb8 16. h3 e4 17. hxg4 Bxg4 18. Qe3 exf3 19. Qxe7 fxg2 20. Re1 Ne8 21. Re4 Bf3 22. Rf4 Bh5 23. Bd2 Qc8 24. Qg5 Bg6 25. Qg4 Qd8 26. Rd4 1-0

[Event "IRI-ch (Women)"]
[Site "Tehran"]
[Date "2011.11.12"]
[Round "13.1"]
[White "Asgarizadeh, Minoo"]
[Black "Bagheri, Taleghani Nadia"]
[Result "1/2-1/2"]
[WhiteElo "2081"]
[BlackElo "1847"]
[PlyCount "81"]
[EventDate "2011.11.12"]
[EventType "tourn"]
[EventRounds "12"]
[EventCountry "IRI"]
[SourceTitle "EXT 2024"]
[Source "ChessBase"]
[SourceDate "2023.10.10"]
[SourceVersion "1"]
[SourceVersionDate "2023.10.10"]
[SourceQuality "1"]

1. e4 c5 2. Nf3 e6 3. d4 cxd4 4. Nxd4 a6 5. Nc3 b5 6. Bd3 Qb6 7. Nf3 Nc6 8. 0-0 Qc7 9. Re1 Bb7 10. e5 Nge7 11. Bxb5 Ng6 12. Ba4 Be7 13. Qe2 0-0 14. Bd2 Rab8 15. Rad1 f6 16. exf6 Bxf6 17. Ne4 Bxb2 18. Nc5 Nd4 19. Nxd4 Qxc5 20. c3 Bxc3 21. Bxc3 Qxc3 22. Bxd7 Nf4 23. Qe3 Qxe3 24. fxe3 Nxg2 25. Bxe6+ Kh8 26. Re2 Nh4 27. Rf2 Be4 28. Bc4 a5 29. Rdf1 Rxf2 30. Rxf2 Rb1+ 31. Rf1 Nf3+ 32. Nxf3 Rxf1+ 33. Kxf1 Bxf3 34. Kf2 Be4 35. Kg3 g5 36. Kg4 h6 37. Be6 Kg7 38. Bf5 Bd5 39. a3 Kf6 40. e4 Bf7 41. h4 1/2-1/2